000 00431nam a22001697a 4500
003 OSt
005 20140311162955.0
008 130704t xxu||||| |||| 00| 0 eng d
020 _a926258-3262
050 _aPE 1628
_b.W924 2006
245 _aWord power dictionary.
260 _aHong Kong
_bReader's Digest Assoc., Ltd,
_cc2006
300 _a1088 p. ;
_c28 cm.
562 _e1
942 _2lcc
_cBK-GR
_kREF
999 _c39034
_d39034